000 01394nam a2200361 a 4500
001 vtls000195515
003 NLI
005 20210602113026.0
008 101125s1971 dcu 101 0 eng
020 _a0815729421 :
_cRs. 165.00
039 9 _y201011252319
_zVLOAD
040 0 _aNLI
_beng
_cDatasoft 1
_eAACR2
041 0 _aeng
044 _adcu
082 0 4 _a332.60973
111 2 _aBrookings Conference on the Effects of Tax Policy on Investment
_d(1967 :
_cBrookings Institution).
_9374392
245 1 0 _aTax incentives and capital spending :
_bpapers /
_cedited by Gary Fromm
260 _aWashington :
_bBrookings Institution,
_c1971
300 _axvii, 301 p. ;
_c24 cm.
440 0 _aStudies of government finance
_9319501
504 _aIncludes bibliographical references and index
650 0 _aInvestment tax credit
_zUnited States
_xCongresses
_9374393
650 0 _aCapital investments
_zUnited States
_xCongresses
_9374394
650 0 _aTax incentives
_zUnited States
_xCongresses
_9374395
700 1 _aFromm, Gary,
_4edt
_9218796
710 2 _aBrookings Institution
_946471
887 _a
901 _a404116
_b31.01.1972
902 _aE 332.60973 C 76
942 _2ddc
_cBKS
949 _AVIRTUAITEM
_D10000
_X100
_6PUR000404116ENG
999 _aVIRTUA40
_c200022
_d200022
999 _aVTLSSORT0080*0200*0400*0410*0440*0820*1110*2450*2600*3000*4400*5040*6500*6501*6502*7000*7100*9010*9020*9490*9991